Materials science and engineering : (Record no. 93172)

MARC details
000 -LEADER
fixed length control field 00626nam a22002057a 4500
005 - DATE AND TIME OF LATEST TRANSACTION
control field 20150603151250.0
010 ## - LCCN (DPL NO)
LC control number ENG-112787
020 ## - INTERNATIONAL STANDARD BOOK NUMBER
International Standard Book Number 9788120350922
Terms of availability 295.00
035 ## - SYSTEM CONTROL NUMBER
System control number EN-96319
037 ## - SOURCE OF ACQUISITION
Source of stock number/acquisition DBAD/PUB
082 ## - DEWEY DECIMAL CLASSIFICATION NUMBER
Classification number 620.11
100 ## - MAIN ENTRY--PERSONAL NAME
Personal name Raghavan, V.
245 ## - TITLE STATEMENT
Title Materials science and engineering :
Statement of responsibility, etc by V. Raghavan
Remainder of title a first course /
250 ## - EDITION STATEMENT
Edition statement 6th ed
260 ## - PUBLICATION, DISTRIBUTION, ETC. (IMPRINT)
Place of publication, distribution, etc Delhi
Name of publisher, distributor, etc PHI Learning
Date of publication, distribution, etc 2015
270 ## - ADDRESS
Address Rimjhim House, 111, Patparganj Industrial Estate,
City Delhi
Postal code 110092
300 ## - PHYSICAL DESCRIPTION
Extent xvii,463p. :
Dimensions 24cm(pbk)
Other physical details ill.
500 ## - GENERAL NOTE
General note Includes index
942 ## - ADDED ENTRY ELEMENTS (KOHA)
Source of classification or shelving scheme Dewey Decimal Classification
Item type English Books
Call number suffix RAG
Classification part 620.11
Holdings
Withdrawn status Lost status Not for loan Collection code Home library Current library Date acquired Source of acquisition Cost, normal purchase price Full call number Barcode Copy number Cost, replacement price Koha item type
    Not For Loan Non-fiction D.B.Act.Division D.B.Act.Division 24/04/2015 DBAD/PUB 295.00 620.11 RAG EN-96319 1 295.00 English Books

© Delhi Public Library
Hit Counter
free hit counter